[Event "CZE-chT2D 0809"]
[Site "Czech Republic"]
[Date "2009.04.05"]
[Round "11.8"]
[White "Konrad, Frantisek"]
[Black "Krupica, Pavel"]
[Result "0-1"]
[WhiteElo "1735"]
[BlackElo "1955"]
[PlyCount "64"]
[EventDate "2008.10.12"]
[EventType "team-tourn"]
[EventRounds "11"]
[EventCountry "CZE"]
[SourceTitle "EXT 2010"]
[Source "ChessBase"]
[SourceDate "2010.11.25"]
[SourceVersion "1"]
[SourceVersionDate "2010.11.25"]
[SourceQuality "1"]

1. d4 d5 2. Bf4 c6 3. e3 e6 4. Bd3 Bd6 5. Bg3 Nf6 6. Nf3 Qc7 7. Nbd2 Nbd7 8. e4 dxe4 9. Nxe4 Nxe4 10. Bxe4 Nf6 11. Bd3 b6 12. Bxd6 Qxd6 13. 0-0 Bb7 14. c3 0-0 15. Qc2 h6 16. Rad1 Rad8 17. Rfe1 c5 18. dxc5 Qxc5 19. Qe2 Qh5 20. Nd4 Qg5 21. Qf1 e5 22. Ne2 e4 23. Bc2 Ba6 24. b3 Rd2 25. Bb1 Rfd8 26. Rxd2 Rxd2 27. c4 e3 28. f3 b5 29. Ng3 bxc4 30. bxc4 h5 31. Rd1 e2 32. Nxe2 Qe3+ 0-1

[Event "CZE-chT2D 0809"]
[Site "Czech Republic"]
[Date "2009.01.25"]
[Round "7.7"]
[White "Pekarkova, Eva"]
[Black "Krupica, Pavel"]
[Result "1/2-1/2"]
[WhiteElo "1981"]
[BlackElo "1955"]
[PlyCount "42"]
[EventDate "2008.10.12"]
[EventType "team-tourn"]
[EventRounds "11"]
[EventCountry "CZE"]
[SourceTitle "EXT 2010"]
[Source "ChessBase"]
[SourceDate "2010.11.25"]
[SourceVersion "1"]
[SourceVersionDate "2010.11.25"]
[SourceQuality "1"]

1. e4 e5 2. Nf3 Nf6 3. Nxe5 d6 4. Nf3 Nxe4 5. d3 Nf6 6. Nc3 d5 7. d4 Bf5 8. Bd3 Bxd3 9. cxd3 c6 10. 0-0 Be7 11. Re1 0-0 12. Qb3 Qc7 13. Bf4 Qxf4 14. Rxe7 b5 15. Rae1 Nbd7 16. Ne2 Qd6 17. Ng3 Rae8 18. Nf5 Qf4 19. Rxe8 Rxe8 20. Rxe8+ Nxe8 21. Ne3 Qd6 1/2-1/2

[Event "CZE-chT2D 0809"]
[Site "Czech Republic"]
[Date "2008.12.21"]
[Round "5.8"]
[White "Krupica, Pavel"]
[Black "Cizinsky, Petr"]
[Result "1/2-1/2"]
[WhiteElo "1955"]
[BlackElo "1998"]
[PlyCount "104"]
[EventDate "2008.10.12"]
[EventType "team-tourn"]
[EventRounds "11"]
[EventCountry "CZE"]
[SourceTitle "EXT 2010"]
[Source "ChessBase"]
[SourceDate "2010.11.25"]
[SourceVersion "1"]
[SourceVersionDate "2010.11.25"]
[SourceQuality "1"]

1. e4 c5 2. c3 d5 3. exd5 Qxd5 4. d4 e6 5. Nf3 Nf6 6. Be2 Nc6 7. 0-0 Be7 8. Be3 cxd4 9. cxd4 0-0 10. Nc3 Qd8 11. a3 a6 12. Qb3 b5 13. Rfd1 Bb7 14. Ne5 Na5 15. Qa2 Rc8 16. Rac1 Nd5 17. Bf3 Nxc3 18. bxc3 Bxf3 19. Nxf3 Nc4 20. a4 Qa5 21. Bg5 Ba3 22. Rb1 Qxa4 23. d5 exd5 24. Rxd5 Nb6 25. Rd4 Rc4 26. Rbd1 h6 27. Bh4 Qa5 28. Be7 Rxd4 29. Rxd4 Bb4 30. Qxa5 Bxa5 31. Bxf8 Kxf8 32. Rd6 Ke7 33. Rc6 Nc4 34. Rxa6 Bxc3 35. Kf1 Nd2+ 36. Nxd2 Bxd2 37. Ke2 Bc3 38. Kd3 b4 39. Kc4 g6 40. f3 Kf8 41. Rb6 Kg7 42. Kd5 Bd2 43. g4 Be1 44. Ke4 Bd2 45. h4 Bc3 46. f4 Be1 47. h5 Bd2 48. f5 gxh5 49. gxh5 Bc3 50. Kd5 Ba1 51. Rxb4 Kf6 52. Rb7 Kxf5 1/2-1/2

[Event "CZE-chT2D 0809"]
[Site "Czech Republic"]
[Date "2008.11.09"]
[Round "2.7"]
[White "Pehal, Ludek"]
[Black "Krupica, Pavel"]
[Result "1/2-1/2"]
[WhiteElo "1663"]
[BlackElo "1955"]
[PlyCount "65"]
[EventDate "2008.10.12"]
[EventType "team-tourn"]
[EventRounds "11"]
[EventCountry "CZE"]
[SourceTitle "EXT 2010"]
[Source "ChessBase"]
[SourceDate "2010.11.25"]
[SourceVersion "1"]
[SourceVersionDate "2010.11.25"]
[SourceQuality "1"]

1. d4 d5 2. c4 c6 3. Nc3 Nf6 4. Nf3 e6 5. g3 Bd6 6. Bg2 0-0 7. c5 Bc7 8. b4 Nbd7 9. Bg5 h6 10. Bxf6 Qxf6 11. 0-0 e5 12. e3 Re8 13. a4 exd4 14. exd4 Nf8 15. Ra3 Bg4 16. h3 Bh5 17. Ne2 Re6 18. g4 Bg6 19. Ng3 Rae8 20. Qb3 Be4 21. Rd1 Ng6 22. Nh5 Qe7 23. Raa1 Bxf3 24. Qxf3 Nh4 25. Qc3 Re2 26. Bf3 Re6 27. Bh1 g6 28. Ng3 f5 29. gxf5 gxf5 30. Kf1 f4 31. Nh5 Qg5 32. Bf3 Rg6 33. Bg4 1/2-1/2